[Event "POL-chT 2nd League"]
[Site "Sypniewo"]
[Date "2021.09.11"]
[Round "8.12"]
[White "Lamza, Zenon"]
[Black "Kowalczyk, Wojciech"]
[Result "1-0"]
[WhiteElo "2178"]
[BlackElo "1893"]
[PlyCount "81"]
[EventDate "2021.09.04"]
[EventType "team-swiss"]
[EventRounds "9"]
[EventCountry "POL"]
[SourceTitle "CBM 204 Extra"]
[Source "ChessBase"]
[SourceDate "2021.11.30"]
[SourceVersion "1"]
[SourceVersionDate "2021.11.30"]
[SourceQuality "1"]
[WhiteTeam "Rydultowy Ognisko"]
[BlackTeam "Wroclaw Hetman"]
[WhiteTeamCountry "POL"]
[BlackTeamCountry "POL"]

1. d4 Nf6 2. Nf3 g6 3. Bg5 Bg7 4. Nbd2 c5 5. c3 cxd4 6. cxd4 Nc6 7. e3 d6 8. Bd3 0-0 9. 0-0 Bd7 10. a3 Rc8 11. Rc1 a6 12. Qe2 h6 13. Bh4 Nd5 14. Rfd1 b5 15. Bg3 Nb6 16. b3 Rc7 17. Rc2 Qb8 18. Rdc1 Rfc8 19. Ne4 Na5 20. Ned2 Rxc2 21. Rxc2 Rxc2 22. Bxc2 Qc8 23. Nb1 Nd5 24. Qd2 Nc6 25. h3 b4 26. e4 bxa3 27. Nxa3 Ndb4 28. Bb1 Qb7 29. Bf4 Kh7 30. Be3 Na7 31. Nc4 Nbc6 32. d5 Nd8 33. Bc2 Nb5 34. Qa5 Qb8 35. Qxa6 Nc7 36. Qb6 Qc8 37. Qa7 Na6 38. Bb1 Nc5 39. Nb6 Qb7 40. Qxb7 Ndxb7 41. b4 1-0

[Event "POL-chT 2nd League"]
[Site "Sypniewo"]
[Date "2021.09.09"]
[Round "6.11"]
[White "Suliborski, Jakub"]
[Black "Lamza, Zenon"]
[Result "0-1"]
[WhiteElo "2159"]
[BlackElo "2178"]
[PlyCount "66"]
[EventDate "2021.09.04"]
[EventType "team-swiss"]
[EventRounds "9"]
[EventCountry "POL"]
[SourceTitle "CBM 204 Extra"]
[Source "ChessBase"]
[SourceDate "2021.11.30"]
[SourceVersion "1"]
[SourceVersionDate "2021.11.30"]
[SourceQuality "1"]
[WhiteTeam "Wisznia Mala Bialy Krol II"]
[BlackTeam "Rydultowy Ognisko"]
[WhiteTeamCountry "POL"]
[BlackTeamCountry "POL"]

1. e4 g6 2. d4 Bg7 3. Nc3 c6 4. Be3 d5 5. f3 dxe4 6. fxe4 Nf6 7. Nf3 0-0 8. Qd2 Qa5 9. Bc4 b5 10. Bd3 Ng4 11. Bg5 e5 12. d5 b4 13. Ne2 cxd5 14. Be7 Nc6 15. Bxf8 Bxf8 16. Nc1 Bh6 17. Qe2 dxe4 18. Bxe4 Ba6 19. Nd3 b3+ 20. c3 Rd8 21. h3 Nf6 22. Bxc6 Rxd3 23. 0-0 Re3 24. Qf2 Bxf1 25. Rxf1 bxa2 26. b4 Qb6 27. Nd4 Rxc3 28. Qxf6 Qxd4+ 29. Kh1 Bf4 30. Be8 Qd5 31. Rxf4 Rxh3+ 32. Kg1 a1Q+ 33. Rf1 Qdd4+ 0-1

[Event "POL-chT 2nd League"]
[Site "Poronin"]
[Date "2020.09.11"]
[Round "7.12"]
[White "Lamza, Zenon"]
[Black "Bardeli, Lukasz"]
[Result "1/2-1/2"]
[WhiteElo "2220"]
[BlackElo "2189"]
[PlyCount "60"]
[EventDate "2020.09.05"]
[EventType "team-swiss"]
[EventRounds "9"]
[EventCountry "POL"]
[SourceTitle "CBM 198 Extra"]
[Source "ChessBase"]
[SourceDate "2020.11.30"]
[SourceVersion "1"]
[SourceVersionDate "2020.11.30"]
[SourceQuality "1"]
[WhiteTeam "Rydultowy Ognisko"]
[BlackTeam "Chrobry Gniezno"]
[WhiteTeamCountry "POL"]
[BlackTeamCountry "POL"]

1. Nf3 d5 2. d4 Nf6 3. c4 e6 4. Nc3 Nbd7 5. cxd5 exd5 6. Bg5 Be7 7. e3 0-0 8. Bd3 Re8 9. 0-0 c6 10. Qc2 g6 11. Rab1 a5 12. a3 Nf8 13. b4 axb4 14. axb4 Ne6 15. Bxf6 Bxf6 16. Na4 Ng7 17. b5 Bg4 18. bxc6 bxc6 19. Nd2 Bf5 20. Bxf5 Nxf5 21. Nf3 Rc8 22. Rfc1 Ne7 23. Nc5 Nf5 24. Nd3 Nd6 25. Rb3 Qe7 26. h3 Kg7 27. Nf4 Bg5 28. Nxg5 Qxg5 29. Nd3 Nc4 30. Re1 Kf8 1/2-1/2

[Event "POL-chT 2nd League"]
[Site "Poronin"]
[Date "2020.09.10"]
[Round "6.18"]
[White "Lach, Piotr"]
[Black "Lamza, Zenon"]
[Result "1/2-1/2"]
[WhiteElo "2079"]
[BlackElo "2220"]
[PlyCount "27"]
[EventDate "2020.09.05"]
[EventType "team-swiss"]
[EventRounds "9"]
[EventCountry "POL"]
[SourceTitle "CBM 198 Extra"]
[Source "ChessBase"]
[SourceDate "2020.11.30"]
[SourceVersion "1"]
[SourceVersionDate "2020.11.30"]
[SourceQuality "1"]
[WhiteTeam "Myslenice MLKSz"]
[BlackTeam "Rydultowy Ognisko"]
[WhiteTeamCountry "POL"]
[BlackTeamCountry "POL"]

1. d4 Nf6 2. Nc3 g6 3. Bf4 d6 4. e4 Bg7 5. Qd2 c6 6. f3 Qa5 7. Nge2 e5 8. Bh6 0-0 9. Bxg7 Kxg7 10. h4 h5 11. Nc1 exd4 12. Qxd4 Qe5 13. Qxe5 dxe5 14. Nd3 1/2-1/2

[Event "POL-chT2 South"]
[Site "Ustron"]
[Date "2001.09.??"]
[Round "?"]
[White "Gradalski, Przemyslaw"]
[Black "Lamza, Zenon"]
[Result "0-1"]
[WhiteElo "2232"]
[BlackElo "2263"]
[PlyCount "82"]
[EventDate "2001.09.14"]
[EventType "team-swiss"]
[EventRounds "10"]
[EventCountry "POL"]
[SourceTitle "EXT 2019"]
[Source "ChessBase"]
[SourceDate "2018.10.10"]
[SourceVersion "1"]
[SourceVersionDate "2018.10.10"]
[SourceQuality "1"]

1. e4 g6 2. d4 Bg7 3. Nc3 c6 4. Nf3 d6 5. Be3 Nf6 6. h3 0-0 7. a4 a5 8. Qd2 Na6 9. Be2 Nb4 10. 0-0 e5 11. dxe5 dxe5 12. Qxd8 Rxd8 13. Rad1 Re8 14. Rd2 Nh5 15. Rfd1 h6 16. Bc4 Nf4 17. Rd8 Be6 18. Rxe8+ Rxe8 19. Bxe6 Nxe6 20. Bb6 Nxc2 21. Bxa5 Ncd4 22. Nd2 Bf8 23. Nc4 f6 24. Bb6 Bb4 25. Kf1 Ra8 26. f3 Kf8 27. a5 Ke7 28. Na4 h5 29. Nc3 Nb3 30. Ke2 Ra6 31. h4 Nxa5 32. Nxa5 Bxa5 33. Be3 Bb6 34. g3 Nd4+ 35. Kf2 Nc2 36. Bxb6 Rxb6 37. Rd2 Nd4 38. Nd1 Ra6 39. Ne3 Ra1 40. Rd1 Rxd1 41. Nxd1 Kd6 0-1

[Event "Krynica op"]
[Site "Krynica"]
[Date "1995.??.??"]
[Round "5"]
[White "Iwaniuk, Dorota"]
[Black "Lamza, Zenon"]
[Result "1/2-1/2"]
[WhiteElo "2075"]
[BlackElo "2265"]
[PlyCount "94"]
[EventDate "1995.??.??"]
[EventType "swiss"]
[EventRounds "9"]
[EventCountry "POL"]
[SourceTitle "EXT 2004"]
[Source "ChessBase"]
[SourceDate "2003.11.25"]
[SourceVersion "1"]
[SourceVersionDate "2003.11.25"]
[SourceQuality "1"]

1. e4 g6 2. d4 Bg7 3. c4 d6 4. Nc3 Nf6 5. f3 0-0 6. Bg5 Nc6 7. Qd2 a6 8. Nge2 Rb8 9. a4 a5 10. Nc1 Nb4 11. Be2 h6 12. Be3 Kh7 13. 0-0 e5 14. d5 b6 15. N1a2 Nxa2 16. Nxa2 Bd7 17. b4 axb4 18. Nxb4 Ra8 19. Qc2 Qe8 20. Bd1 Nh5 21. Nd3 f5 22. Nf2 Nf6 23. a5 bxa5 24. c5 Bb5 25. Be2 Bxe2 26. Qxe2 Nh5 27. Rfb1 Nf4 28. Qc2 fxe4 29. fxe4 Qc8 30. Rb5 c6 31. dxc6 Qxc6 32. Rb6 Qc7 33. Rxd6 Rfd8 34. Qd2 Ne6 35. Rxd8 Nxd8 36. Qd5 Nc6 37. Ng4 Rd8 38. Qe6 Qd7 39. Nf6+ Bxf6 40. Qxf6 Rc8 41. Rf1 Qg7 42. Qe6 Rc7 43. Rf6 a4 44. Rf1 Nd4 45. Qa2 Qd7 46. c6 Nxc6 47. Qxa4 Nd4 1/2-1/2

[Event "Krynica op"]
[Site "Krynica"]
[Date "1995.??.??"]
[Round "9"]
[White "Lamza, Zenon"]
[Black "Kosiorek, Marek"]
[Result "1-0"]
[WhiteElo "2265"]
[BlackElo "2205"]
[PlyCount "91"]
[EventDate "1995.??.??"]
[EventType "swiss"]
[EventRounds "9"]
[EventCountry "POL"]
[SourceTitle "EXT 2004"]
[Source "ChessBase"]
[SourceDate "2003.11.25"]
[SourceVersion "1"]
[SourceVersionDate "2003.11.25"]
[SourceQuality "1"]

1. Nf3 c5 2. g3 b6 3. Bg2 Bb7 4. b3 Nf6 5. Bb2 e6 6. c4 Be7 7. 0-0 d6 8. Qc2 Nbd7 9. d3 0-0 10. Nbd2 Qc7 11. a3 d5 12. cxd5 Bxd5 13. Rac1 Rac8 14. Rfe1 Qb7 15. Qb1 Qa8 16. Qa1 Rfd8 17. Rc2 Ne8 18. Rec1 Bf6 19. h3 h6 20. Bxf6 Nexf6 21. Qb2 Bb7 22. Nc4 Ne8 23. b4 cxb4 24. axb4 a6 25. Qd4 b5 26. Na5 Ndf6 27. Qb6 Bd5 28. e4 Nd7 29. Qe3 Bb7 30. Nd4 Ne5 31. f4 Rxc2 32. Rxc2 Ng6 33. Ndc6 Bxc6 34. Nxc6 Rd7 35. e5 Kh7 36. h4 Nc7 37. h5 Nf8 38. Qc5 Kh8 39. Be4 Qe8 40. Qb6 Nd5 41. Qb8 Qxb8 42. Nxb8 Ra7 43. Bxd5 exd5 44. Rc8 Kg8 45. Nc6 Rd7 46. f5 1-0

[Event "Krynica op"]
[Site "Krynica"]
[Date "1995.??.??"]
[Round "6"]
[White "Lamza, Zenon"]
[Black "Rosenbeiger, Alan"]
[Result "1-0"]
[WhiteElo "2265"]
[BlackElo "2145"]
[PlyCount "94"]
[EventDate "1995.??.??"]
[EventType "swiss"]
[EventRounds "9"]
[EventCountry "POL"]
[SourceTitle "EXT 2004"]
[Source "ChessBase"]
[SourceDate "2003.11.25"]
[SourceVersion "1"]
[SourceVersionDate "2003.11.25"]
[SourceQuality "1"]

1. Nf3 Nf6 2. g3 g6 3. Bg2 Bg7 4. 0-0 d5 5. d3 c5 6. Nc3 Nc6 7. a3 b6 8. Rb1 Bb7 9. b4 cxb4 10. axb4 Rc8 11. Bd2 d4 12. Na4 e6 13. b5 Ne7 14. c4 dxc3 15. Nxc3 Nfd5 16. Nxd5 Bxd5 17. Qa4 Qd7 18. Qa3 0-0 19. e4 Ba8 20. Bb4 Rfe8 21. Nd2 Rcd8 22. Nc4 Nc8 23. Rfd1 Qd4 24. Rbc1 Bf8 25. Bxf8 Rxf8 26. Qc3 Qxc3 27. Rxc3 Rd4 28. Kf1 f5 29. Re1 Rfd8 30. exf5 Bxg2+ 31. Kxg2 exf5 32. Ne5 Re8 33. Nf3 Rdd8 34. Rxe8+ Rxe8 35. Rc7 Nd6 36. Rxa7 Nxb5 37. Rb7 Rd8 38. Rxb6 Nc3 39. Ne5 Rd5 40. f4 Na4 41. Rb8+ Kg7 42. Rb7+ Kg8 43. Kh3 Nc5 44. Rb5 Rxe5 45. fxe5 Nxd3 46. Rd5 Nf2+ 47. Kg2 Ne4 1-0

[Event "Krynica op"]
[Site "Krynica"]
[Date "1995.??.??"]
[Round "4"]
[White "Lamza, Zenon"]
[Black "Rucinski, Grzegorz"]
[Result "1-0"]
[WhiteElo "2265"]
[BlackElo "2075"]
[PlyCount "88"]
[EventDate "1995.??.??"]
[EventType "swiss"]
[EventRounds "9"]
[EventCountry "POL"]
[SourceTitle "EXT 2004"]
[Source "ChessBase"]
[SourceDate "2003.11.25"]
[SourceVersion "1"]
[SourceVersionDate "2003.11.25"]
[SourceQuality "1"]

1. Nf3 Nf6 2. g3 g6 3. Bg2 Bg7 4. 0-0 0-0 5. d3 d6 6. e4 c6 7. a4 Qc7 8. Na3 h6 9. Nc4 Be6 10. Ne3 Rd8 11. Nd4 Bc8 12. f4 e5 13. Ne2 Nbd7 14. Kh1 exf4 15. Nxf4 Nc5 16. Bd2 Ne6 17. Bc3 Qe7 18. Qd2 Nxf4 19. Rxf4 Nh5 20. Rf2 Bxc3 21. bxc3 Qg5 22. Raf1 Be6 23. c4 c5 24. Qe1 Rac8 25. Nd5 Bxd5 26. cxd5 Rc7 27. Rf3 Qe5 28. Bh3 Re8 29. Qf2 Ree7 30. Qd2 Qg5 31. Qc3 Qe5 32. Qd2 Qg5 33. Qf2 Qe5 34. Qd2 Qg5 35. Qa5 b6 36. Qb5 Qe5 37. a5 bxa5 38. Qxa5 c4 39. Qd2 cxd3 40. cxd3 Qg5 41. Qb4 Qe5 42. Bg2 Rb7 43. Qa3 Ng7 44. R3f2 Rec7 1-0